00701nam a2200169Ia 4500008004100000041001200041082001600053100002000069245003800089260003800127300000800165650000700173942000700180999001500187952015800202952017100360221030s9999 xx 000 0 und d aEnglish a105.23bSte aW. D. Stevenson 0aElements of Power System Analysis bMcGraw-Hill Pub.aNew Delhic1982 a436 aEE cBK c1461d1461 pBE 259g5.75l0o105.23 Ster2024-06-13 00:00:00w2022-10-30yBK003Print4071aMIETLIBbMIETLIBcBL-Second, FL-1, CUP-57, SH-3, R-3d1998-12-2410HBE pBE 3184g275.00l0o105.23 Ster2024-06-13 00:00:00w2022-10-30yBK003Print4070aMIETLIBbMIETLIBcBL-Academic Block A, FL-1, CUP-34, SH-2, R-2d2001-03-2310HBE